| 000 | 00449nam a2200193Ia 4500 | ||
|---|---|---|---|
| 005 | 20251020182533.0 | ||
| 008 | 200515s9999 xx 000 0 und d | ||
| 082 | _a712.33/V59 | ||
| 100 | _aVICENTE, Jesús de CARBONELL, Xavier | ||
| 245 | 0 | _aPaisajistas | |
| 260 | _aBarcelona | ||
| 260 | _c1994 | ||
| 500 | _a1 ejemplar | ||
| 650 | _aARQUITECTURA PAISAJISTA | ||
| 650 | _aJARDINES | ||
| 650 | _aLIB | ||
| 650 | _aPAISAJISMO | ||
| 942 | _cLIB | ||
| 999 |
_c2127 _d2127 |
||